| 000 | 00438nam a2200169 a 4500 | ||
|---|---|---|---|
| 001 | 000023676 | ||
| 005 | 20200930022404.0 | ||
| 008 | 101218s1960 it r 000 0 spa d | ||
| 040 |
_aDO-SdBNP _bspa _cBNPHU |
||
| 082 |
_axxxxx _bJ869r |
||
| 100 | 1 |
_aJovine, Francesco _948774 |
|
| 245 | 1 | 0 |
_aRacconti / _cFrancesco Jovine. |
| 250 | _a2a ed. | ||
| 260 |
_aTorino : _bGiulio Einaudi, _c1960. |
||
| 300 |
_a444 p. ; _c23 cm. |
||
| 049 | _aBNGR | ||
| 999 |
_c23172 _d23172 |
||